THEORY OF STRUCTURES (Record no. 1173852)

MARC details
000 -LEADER
fixed length control field 00253nam a2200109Ia 4500
008 - FIXED-LENGTH DATA ELEMENTS--GENERAL INFORMATION
fixed length control field 230724s2005 xx und d
041 ## - LANGUAGE CODE
Language code of text/sound track or separate title eng
100 ## - MAIN ENTRY--PERSONAL NAME
Personal name RAMAMRUTHAM S & NARAYAN R
245 ## - TITLE STATEMENT
Title THEORY OF STRUCTURES
260 ## - PUBLICATION, DISTRIBUTION, ETC.
Date of publication, distribution, etc. 2005
300 ## - PHYSICAL DESCRIPTION
Extent 1428
Holdings
Withdrawn status Lost status Damaged status Not for loan Home library Current library Date acquired Source of acquisition Cost, normal purchase price Total Checkouts Barcode Date last seen Price effective from Koha item type
        College of Architecture, Pune College of Architecture, Pune 23/07/2024 NULL 375.00   ARP-BARCH-2701 23/07/2024 23/07/2024 Book